000 00724nam a2200193Ia 4500
005 20250508153948.0
008 008 250505s9999 xx 000 0 eng d
037 _aTextual
040 _aFEDL
_beng
_cFEDL
041 _aeng
_2eng
084 _a371.42, UNI
_qFEDL
245 0 _aNational conference of head state supervisors vocational education in agriculture
245 0 _cU S Department of Health, Education and Welfare
260 _aWashington, USA
_bU.S. Government Printing Office
_c1960
300 _av,98p
546 _aSummaries of committee reports techniques for improving administration and supervision in vocational agriculture
942 _cTEXL
_h371.42, UNI
999 _c1346646
_d1346646